000 00953cam a22002414a 4500
005 20200104041747.0
008 040614s2004 sz ab b 000 0 eng
020 _a283170765X
040 _aDLC
_cDLC
_dDLC
041 0 _aeng
044 _asz
082 0 4 _a333.9516
_bB46i
100 1 _aBennett, Graham
_eautor
245 1 0 _aIntegrating biodiversity conservation and sustainable use :
_blessons learned from ecological networks /
_cGraham Bennett.
260 _aGland, Switzerland :
_bIUCN, World Conservation Union,
_c2004.
300 _av, 55 páginas :
_bilustraciones a color y mapas a color ;
_c24 x 17 cm.
504 _aIncluye referencias bibliográficas: página 83.
650 1 6 _aConservación de la diversidad biológica
650 2 6 _aDesarrollo sostenible
650 2 4 _aConservación de la biodiversidad
710 2 _aUnión Internacional para la Conservación de la Naturaleza UICN
942 _2ddc
_cLIBRO
999 _c18808
_d18808